Statistiques concernant Géographie et Mythologie

Cliquez ici pour prendre le quiz!

Statistiques générales

  • Ce quiz a été pris 2 252 fois
  • Le résultat moyen est 16 sur 28

Statistiques - réponses

HintRéponse% Correct
Déesse grecque de la stratégie et de la sagesseAthéna
98%
Oiseau qui renaît de ses cendresPhénix
97%
Peuple de femmes guerrièresAmazones
96%
Capitale de la GrèceAthènes
94%
Frère de RémusRomulus
92%
Ville la plus peuplée de l'AntiquitéRome
88%
Plus grande ville de l'État de l'ArizonaPhoenix
83%
Lieu des Enfers grecs réservé aux vertueuxChamps Élysées
81%
Avenue parisienne considérée comme la plus belle du mondeChamps-Élysées
81%
Plus grande jungle du mondeForêt {amazonienne}
81%
Titan qui porte la Terre sur son dosAtlas
77%
Adam et Ève y vivent dans la GénèseEden
69%
Mer qui sépare la Grèce et la TurquieMer Égée
65%
Père de ThéséeÉgée
63%
Plus haut gratte-ciel de ParisTour Montparnasse
55%
Montagne sacrée près de DelphesMont Parnasse
53%
Ville de naissance de NapoléonAjaccio
47%
Étendue d'eau où se trouve l'archipel des AçoresOcéan Atlantique
45%
Héro de la Guerre de Troie, dit le "petit"Ajax
41%
Princesse phénicienne enlevée par Zeus en taureau blancEurope
41%
Territoire délimité à l'est par l'Oural, le Caucase et le BosphoreEurope
41%
Son nom officiel est KolkataCalcutta
30%
Département français numéro 08Ardennes
28%
Grande ville portuaire du YémenAden
17%
Troisième grande divinité hindoue avec Vishnou et ShivaBrahmā
15%
Déesse celte de la chasseArduinna
9%
Mère destructrice et constructrice dans l'hindouismeKali
9%
Fleuve qui naît dans l'Himalaya et se jette dans le Gange, par la ChineBrahmapoutre
7%

Distribution des résultats

Percentile par nombre de réponses

% des personnes avec chaque résultat

Votre développement - résultats

Vous n’avez pas pris ce quiz